Statistics for Warhammer 40,000 characters

Click here to take the quiz!

General Stats

  • This quiz has been taken 58 times
  • The average score is 4 of 7

Answer Stats

Answer% Correct
Who is the warmaster of the black legionEzekyle Abbadon
83%
Who is the only current Living Saint of the EmperorSaint Celestine
75%
Who is the Lord Castellan of the Cadian Astra Millitarum RegimentUrsakar A. Creed
67%
Who is the Chapter Master of the Space WolvesLogan Grimnar
65%
Who is the oldest Chapter MasterCommander Dante
62%
Who is The Phoenix Lord of the Howling BansheesJain Zar
40%
Who is the Phoenix Lord of the Dire AvengersAsurmen
31%

Score Distribution

Percentile by Number Answered

Percent of People with Each Score

Your Score History

You have not taken this quiz